000 00567nam a2200193Ii 4500
003 JO-AjNU
008 230605s9999||||xx |||||||||||||| ||und||
040 _aJO-AjNU
_bara
_erda
_cJO-AjNU
041 _aara
050 1 4 _aQD466.A9
100 3 _aازيموف ، اسحق,
_eauthor
_936245
245 0 0 _aعناصر الكون
264 3 1 _aالقاهرة:دار النهضة العربية ،1900
300 _a288ص
336 _atext
_btxt
_2rdacontent
337 _aunmediated
_bn
_2rdamedia
338 _avolume
_bnc
_2rdacarrier
650 4 _aالكون
_936246
999 _aA15041
_c18609
_d18609